Theory of Machines (Record no. 4879)

MARC details
000 -LEADER
fixed length control field 00394nam a22001697a 4500
005 - DATE AND TIME OF LATEST TRANSACTION
control field 20160630112011.0
008 - FIXED-LENGTH DATA ELEMENTS--GENERAL INFORMATION
fixed length control field 160630b xxu||||| |||| 00| 0 eng d
020 ## - INTERNATIONAL STANDARD BOOK NUMBER
ISBN 978-93-5134-347-9
041 ## - LANGUAGE CODE
Language code of text/sound track or separate title eng
082 ## - DEWEY DECIMAL CLASSIFICATION NUMBER
Item number 19535
100 ## - MAIN ENTRY--AUTHOR NAME
Personal name Rattan S S
245 ## - TITLE STATEMENT
Title Theory of Machines
260 ## - PUBLICATION, DISTRIBUTION, ETC. (IMPRINT)
Name of publisher Mc graw Hill
Year of publication 2014
300 ## - PHYSICAL DESCRIPTION
Number of Pages 786
650 ## - SUBJECT ADDED ENTRY--TOPICAL TERM
Topical Term Diploma Engineering
942 ## - ADDED ENTRY ELEMENTS (KOHA)
Koha item type Books
Holdings
Lost status Damaged status Collection code Home library Current library Shelving location Date acquired Cost, normal purchase price Full call number Accession Number Koha item type
    MINING JRU Library JRU Library SHELF-58-F 30/06/2016 595.00 19535 19535 Books
    MINING JRU Library JRU Library SHELF-58-F 30/06/2016 595.00 19535 19536 Books
      JRU Library     30/06/2016 595.00 19535 19537 Books
    MINING JRU Library JRU Library SHELF-58-F 30/06/2016 595.00 19535 19538 Books
      JRU Library   SHELF-43-K 30/06/2016 595.00 19535 19539 Books
      JRU Library   SHELF-43-K 30/06/2016 595.00 19535 19540 Books
      JRU Library     30/06/2016 595.00 19535 19541 Books
    MINING JRU Library JRU Library SHELF-58-F 30/06/2016 595.00 19535 19542 Books
      JRU Library   SHELF-43-K 30/06/2016 595.00 19535 19543 Books
      JRU Library   SHELF-43-K 30/06/2016 595.00 19535 19544 Books